Semantic analysis of micro-blogs (Record no. 10503)
[ view plain ]
| 000 -LEADER | |
|---|---|
| fixed length control field | 00547 a2200133 4500 |
| 082 ## - DEWEY DECIMAL CLASSIFICATION NUMBER | |
| Classification number | MSIT-8 |
| 100 ## - MAIN ENTRY--PERSONAL NAME | |
| Personal name | Umar Hayat Khan Niazi |
| 9 (RLIN) | 99083 |
| 245 ## - TITLE STATEMENT | |
| Title | Semantic analysis of micro-blogs |
| Statement of responsibility, etc. | Umar Hayat Khan Niazi |
| 260 ## - PUBLICATION, DISTRIBUTION, ETC. | |
| Place of publication, distribution, etc. | Islamabad |
| Name of publisher, distributor, etc. | NUST School of Electrical Engineering and Computer Science |
| Date of publication, distribution, etc. | 2011. |
| 300 ## - PHYSICAL DESCRIPTION | |
| Extent | xi, 49p. |
| Other physical details | :ill, |
| Dimensions | ;27cm.+ |
| Accompanying material | CD-ROM |
| 500 ## - GENERAL NOTE | |
| General note | Supervisors: Dr. Khalid Latif, Dr. Sharifullah Khan, Dr. Zia ul Qayyum, Mr. Osama Hashmi |
| 856 ## - ELECTRONIC LOCATION AND ACCESS | |
| Uniform Resource Identifier | <a href="http://10.250.8.41:8080/xmlui/handle/123456789/10245">http://10.250.8.41:8080/xmlui/handle/123456789/10245</a> |
| 942 ## - ADDED ENTRY ELEMENTS (KOHA) | |
| Koha item type | Project Report |
| Call number prefix | MSIT-8 UMA |
| Source of classification or shelving scheme | |
| Withdrawn status | Lost status | Damaged status | Not for loan | Permanent Location | Current Location | Total Checkouts | Full call number | Barcode | Date last seen | Price effective from | Koha item type |
|---|---|---|---|---|---|---|---|---|---|---|---|
| Central Library (CL) | Central Library (CL) | MSIT-8 UMA | SEECSP00965 | 11/14/2012 | 11/14/2012 | Project Report |
